[Event "FIDE World Rapid 2014"]
[Site "Dubai UAE"]
[Date "2014.06.18"]
[Round "11.38"]
[White "Kasimdzhanov, Rustam"]
[Black "Shyam, Sundar M."]
[Result "1/2-1/2"]
[WhiteTitle "GM"]
[BlackTitle "GM"]
[WhiteElo "2700"]
[BlackElo "2468"]
[WhiteFideId "14200244"]
[BlackFideId "5019141"]
[EventDate "2014.06.16"]

1. c4 e6 2. g3 d5 3. Bg2 Nf6 4. d4 Be7 5. Nf3 O-O 6. O-O c6 7. Qc2 b6 8. Rd1 Bb7
9. Nbd2 Na6 10. b3 c5 11. Bb2 Rc8 12. dxc5 Bxc5 13. e3 h6 14. a3 Qe7 15. b4 Bd6
16. Qd3 Nc7 17. cxd5 Ba6 18. Qb3 exd5 19. Nd4 Qd7 20. Rac1 Be5 21. N2f3 Bd6 22.
Nd2 Be5 23. f4 Bd6 24. e4 dxe4 25. Nxe4 Nce8 26. Nxf6+ Nxf6 27. Bc6 Qh3 28. b5
Ng4 29. Nf3 Bc5+ 30. Rxc5 bxc5 31. Qc3 Nf6 32. Bd7 Rcd8 33. Bxh3 Rxd1+ 34. Kg2
Bxb5 35. Qc2 Rfd8 36. Bxf6 gxf6 37. Bf5 c4 38. Kh3 R1d5 39. Be4 Rc5 40. Qc3 Bd7+
41. Kg2 Kg7 42. Nd4 Re8 43. Bf3 a5 44. Kf2 h5 45. Nb3 cxb3 46. Qxc5 a4 47. Be2
Rc8 48. Qa7 Bf5 49. Bxh5 Be6 50. f5 b2 51. fxe6 b1=Q 52. Qxf7+ Kh6 53. Be2 Qf5+
54. Kg2 Rc2 55. Qf8+ Kh7 56. Qf7+ Kh6 57. Qf8+ Kh7 1/2-1/2

[Event "FIDE World Rapid 2014"]
[Site "Dubai UAE"]
[Date "2014.06.18"]
[Round "11.39"]
[White "Ganguly, Surya Shekhar"]
[Black "Inarkiev, Ernesto"]
[Result "1-0"]
[WhiteTitle "GM"]
[BlackTitle "GM"]
[WhiteElo "2619"]
[BlackElo "2682"]
[WhiteFideId "5002150"]
[BlackFideId "4162722"]
[EventDate "2014.06.16"]

1. e4 c5 2. Nf3 d6 3. Bb5+ Nd7 4. O-O a6 5. Bd3 Ngf6 6. Re1 e5 7. c3 Be7 8. Bf1
O-O 9. d4 b5 10. b3 cxd4 11. cxd4 exd4 12. Nxd4 Bb7 13. Nd2 Re8 14. Nf5 Bf8 15.
Bb2 g6 16. Ng3 Qb6 17. a4 Bg7 18. axb5 axb5 19. Rxa8 Bxa8 20. Qa1 Bc6 21. Bd4
Qb7 22. b4 Ne5 23. f4 Ned7 24. Bd3 h5 25. Nb3 Qb8 26. Qa6 Bb7 27. Qxb5 h4 28.
Nf1 h3 29. gxh3 Qa8 30. Ra1 Qc8 31. Rc1 Qa8 32. Ra1 Qc8 33. Rc1 Qa8 34. e5 dxe5
35. fxe5 Bh1 36. Rc2 Nd5 37. Qxd7 Nxb4 38. e6 Bxd4+ 39. Nxd4 Rf8 40. exf7+ Kh8
41. Qd6 Nxd3 42. Qxg6 Be4 43. Qh6+ Bh7 44. Qf6# 1-0

[Event "FIDE World Rapid 2014"]
[Site "Dubai UAE"]
[Date "2014.06.18"]
[Round "11.40"]
[White "Amin, Bassem"]
[Black "Maletin, Pavel"]
[Result "1-0"]
[WhiteTitle "GM"]
[BlackTitle "GM"]
[WhiteElo "2635"]
[BlackElo "2588"]
[WhiteFideId "10601457"]
[BlackFideId "4146786"]
[EventDate "2014.06.16"]

1. Nf3 d5 2. g3 c6 3. Bg2 Bg4 4. O-O Nd7 5. d3 Ngf6 6. Nbd2 e5 7. e4 dxe4 8.
dxe4 Be7 9. h3 Bh5 10. Qe1 O-O 11. a4 Qc7 12. Nh4 Rfe8 13. Nc4 Nc5 14. Nf5 Bf8
15. Kh1 b5 16. axb5 cxb5 17. Na3 a6 18. Bg5 Nfd7 19. Bd2 Ne6 20. Ba5 Qc6 21. Ne3
Nd4 22. Nd5 Rac8 23. g4 Bg6 24. Rc1 Nc5 25. Qe3 Nb7 26. Bb4 Bc5 27. Bxc5 Nxc5
28. b4 Nd7 29. f4 f6 30. f5 Bf7 31. c3 Nb3 32. Rb1 Nbc5 33. bxc5 Nxc5 34. Rfd1
Na4 35. Rdc1 Bxd5 36. exd5 Qd6 37. c4 b4 38. c5 Nxc5 39. Nc4 Qd8 40. Rxb4 e4 41.
Nb6 Rb8 42. Qxc5 1-0

[Event "FIDE World Rapid 2014"]
[Site "Dubai UAE"]
[Date "2014.06.18"]
[Round "11.41"]
[White "Al-Modiahki, Mohamad"]
[Black "Sandipan, Chanda"]
[Result "1/2-1/2"]
[WhiteTitle "GM"]
[BlackTitle "GM"]
[WhiteElo "2549"]
[BlackElo "2594"]
[WhiteFideId "12100030"]
[BlackFideId "5004225"]
[EventDate "2014.06.16"]

1. e4 e5 2. Nf3 Nf6 3. Nxe5 d6 4. Nf3 Nxe4 5. Nc3 Nxc3 6. dxc3 Be7 7. Be3 O-O 8.
Qd2 Qe8 9. Bd3 Nc6 10. h4 Ne5 11. Ng5 f5 12. O-O-O h6 13. Nh3 Qa4 14. Kb1 Nxd3
15. Qxd3 Be6 16. b3 Qe4 17. Qd2 Bf6 18. Rhe1 Qc6 19. Bd4 Bxd4 20. cxd4 Bd5 21.
Nf4 Rfe8 22. f3 Bf7 23. d5 Qd7 24. Qd4 a5 25. g4 fxg4 26. fxg4 Rxe1 27. Rxe1 Re8
28. Rxe8+ Qxe8 29. g5 hxg5 30. hxg5 Qe5 31. Qxe5 dxe5 32. Nd3 Bxd5 33. Nxe5 Kf8
34. Ng6+ Kf7 35. Nf4 Be4 36. Kc1 Ke7 37. Kd2 Kd6 38. c3 Ke5 39. Ke3 Bb1 40. a3
Kf5 41. Nh5 g6 42. Ng7+ Ke5 43. Ne8 c6 44. Nf6 Ba2 45. b4 a4 46. Kd3 b5 47. Ke3
Bc4 48. Kf3 Kf5 49. Nh7 Bg8 50. Nf6 Bd5+ 51. Nxd5 cxd5 52. Ke3 Kxg5 53. Kd4 Kh4
54. Kxd5 g5 55. c4 bxc4 56. Kxc4 g4 57. b5 g3 58. b6 g2 59. b7 g1=Q 60. b8=Q
Qc1+ 61. Kd4 Qxa3 62. Qf4+ Kh3 63. Qf1+ Kg4 64. Qe2+ Kg5 65. Qe5+ Kg4 66. Qe2+
Kf4 67. Qe4+ Kg3 68. Qd3+ Qxd3+ 69. Kxd3 1/2-1/2

[Event "FIDE World Rapid 2014"]
[Site "Dubai UAE"]
[Date "2014.06.18"]
[Round "11.42"]
[White "Georgiev, Kiril"]
[Black "Michalik, Peter"]
[Result "0-1"]
[WhiteTitle "GM"]
[BlackTitle "GM"]
[WhiteElo "2644"]
[BlackElo "2557"]
[WhiteFideId "2900017"]
[BlackFideId "14907526"]
[EventDate "2014.06.16"]

1. d4 d5 2. Nf3 Nf6 3. c4 c6 4. e3 Bg4 5. Qb3 Qb6 6. Nc3 e6 7. Nh4 Bh5 8. h3 Be7
9. g4 Bg6 10. Nxg6 hxg6 11. g5 Ne4 12. Nxe4 dxe4 13. Bg2 Qxb3 14. axb3 Rh4 15.
Bd2 Bxg5 16. b4 Nd7 17. Ke2 f5 18. Ra2 Nb6 19. b3 a6 20. f3 exf3+ 21. Bxf3 Bf6
22. b5 axb5 23. Rxa8+ Nxa8 24. Ra1 Nb6 25. Ra7 bxc4 26. Rxb7 Nd5 27. bxc4 Ne7
28. Bg2 f4 29. Be1 Rh5 30. Bf2 fxe3 31. Bxe3 Ra5 32. Be4 Ra2+ 33. Kd3 Ra3+ 34.
Kd2 Ra2+ 35. Kd3 Rh2 36. Rb6 Kd7 37. Bf4 Rxh3+ 38. Kd2 Rh4 39. Rb7+ Kd8 40. Rb8+
Kd7 41. Rb7+ Ke8 42. Ke3 Nf5+ 43. Kf3 Nxd4+ 44. Ke3 e5 45. Bxg6+ Kd8 0-1

[Event "FIDE World Rapid 2014"]
[Site "Dubai UAE"]
[Date "2014.06.18"]
[Round "11.43"]
[White "Gundavaa, Bayarsaikhan"]
[Black "Moradiabadi, Elshan"]
[Result "1/2-1/2"]
[WhiteTitle "GM"]
[BlackTitle "GM"]
[WhiteElo "2501"]
[BlackElo "2586"]
[WhiteFideId "4901045"]
[BlackFideId "12501255"]
[EventDate "2014.06.16"]

1. d4 Nf6 2. c4 e6 3. Nc3 Bb4 4. Qc2 O-O 5. Nf3 d5 6. a3 Bxc3+ 7. Qxc3 dxc4 8.
Qxc4 b6 9. Bg5 Ba6 10. Qa4 c5 11. dxc5 bxc5 12. Rd1 Qb6 13. Bxf6 gxf6 14. Rd2
Rd8 15. Rxd8+ Qxd8 16. e3 Bxf1 17. Rxf1 Nd7 18. Ke2 Rb8 19. b3 Nb6 20. Qg4+ Kh8
21. Rc1 Nd5 22. e4 Ne7 23. Rd1 Qa5 24. Qf4 Qb5+ 25. Ke1 Ng8 26. e5 Qxb3 27. exf6
Qc3+ 28. Kf1 Rb1 29. Rxb1 Qd3+ 30. Ke1 Qxb1+ 31. Ke2 Qb2+ 32. Ke1 Qc3+ 33. Ke2
Qb2+ 34. Ke1 Qc3+ 35. Ke2 Qb2+ 36. Ke1 Nxf6 37. Qe5 Qc1+ 38. Ke2 Kg7 39. Qg3+
Kf8 40. Qb8+ Kg7 41. Qg3+ Kf8 42. Qb8+ 1/2-1/2

[Event "FIDE World Rapid 2014"]
[Site "Dubai UAE"]
[Date "2014.06.18"]
[Round "11.44"]
[White "Kayumov, Sergey"]
[Black "Goloshchapov, Alexander"]
[Result "0-1"]
[WhiteTitle "GM"]
[BlackTitle "GM"]
[WhiteElo "2505"]
[BlackElo "2586"]
[WhiteFideId "14200880"]
[BlackFideId "14103222"]
[EventDate "2014.06.16"]

1. d4 d5 2. Nf3 Nf6 3. Bf4 c5 4. e3 Nc6 5. c3 Qb6 6. Qb3 c4 7. Qc2 Bf5 8. Qc1
Nh5 9. Bg3 Nxg3 10. hxg3 g6 11. Be2 Bg7 12. Nbd2 O-O 13. O-O Rfe8 14. e4 dxe4
15. Ng5 Bh6 16. Nxc4 Qd8 17. Nxf7 Bxc1 18. Nxd8 Bxb2 19. Nxb2 Raxd8 20. g4 Be6
21. Rfe1 Bf7 22. Bc4 e5 23. Rxe4 exd4 24. Rxe8+ Rxe8 25. Bxf7+ Kxf7 26. cxd4
Nxd4 27. Nc4 Rd8 28. Kf1 b5 29. Ne5+ Kf6 30. f4 g5 31. g3 gxf4 32. gxf4 Ne6 33.
Nc6 Rd2 34. Nxa7 Nxf4 35. Nxb5 Kg5 36. Nc3 Kxg4 37. Rd1 Rh2 38. Nd5 Kf3 39. Kg1
Rg2+ 40. Kh1 Ne2 41. Rd3+ Kf2 42. Nc3 Ng3+ 43. Rxg3 Kxg3 44. Ne4+ Kf3 45. a4 Rg4
46. Nd2+ Kf2 0-1

[Event "FIDE World Rapid 2014"]
[Site "Dubai UAE"]
[Date "2014.06.18"]
[Round "11.45"]
[White "Kovalev, Vladislav"]
[Black "Debashis, Das"]
[Result "1/2-1/2"]
[WhiteTitle "GM"]
[BlackTitle "GM"]
[WhiteElo "2554"]
[BlackElo "2484"]
[WhiteFideId "13504398"]
[BlackFideId "5024854"]
[EventDate "2014.06.16"]

1. e4 e5 2. Nf3 Nc6 3. Bb5 a6 4. Ba4 Nf6 5. O-O b5 6. Bb3 Bc5 7. c3 d6 8. d4 Bb6
9. a4 Rb8 10. axb5 axb5 11. Na3 O-O 12. Nxb5 Bg4 13. Be3 exd4 14. cxd4 Nxe4 15.
Bd5 Qe8 16. Qc2 Bxf3 17. Qxc6 Be2 18. Qxe8 Rfxe8 19. Bc6 Bxf1 20. Bxe8 Bxg2 21.
Bxf7+ Kxf7 22. Kxg2 Ke6 23. Kf3 Kd5 24. Ra6 Rf8+ 25. Ke2 Kc6 26. Nc3 Nxc3+ 27.
bxc3 Rf5 28. Ra8 Kd5 29. Kd3 Ke6 30. c4 g6 31. d5+ Ke7 32. Bxb6 cxb6 33. Ra7+
Kd8 34. Rxh7 Rxf2 35. Kc3 g5 36. h3 Rh2 37. Rh5 Kc7 38. Rxg5 Rxh3+ 39. Kb4 Rh7
40. Kb5 Kb7 41. Rg8 Rc7 42. Kb4 Rc5 43. Rg7+ Kc8 44. Rf7 Ra5 45. Rg7 Rc5 46. Ra7
Rc7 47. Ra8+ Kd7 48. Rb8 Ra7 49. Kb5 Kc7 50. Rxb6 Ra1 51. Rc6+ Kd7 52. Kb6 Rb1+
53. Ka7 Rb4 54. Ka6 Rb3 55. Rb6 Ra3+ 56. Kb5 Kc7 57. Rc6+ Kd7 58. Ra6 Rb3+ 59.
Ka4 Rb1 60. Ra7+ Kc8 61. Ra5 Kc7 62. Rb5 Ra1+ 63. Kb4 Rb1+ 64. Kc3 Rh1 65. Rb2
Rh3+ 66. Kb4 Kb6 67. Rg2 Rh1 68. Rg8 Rb1+ 69. Kc3 Kc7 70. Rg7+ Kc8 71. Kd4 Rd1+
72. Ke4 Rc1 73. Kf5 Rxc4 74. Ke6 Rh4 75. Rf7 Rh3 76. Kxd6 Rh6+ 77. Ke7 Kc7 78.
Rg7 Rd6 79. Rg5 Rd7+ 80. Ke6 Rd6+ 81. Ke5 Rh6 82. Rg7+ Kd8 83. Kd4 Rf6 84. Kc5
Rh6 85. Rg2 Kd7 86. Ra2 Kc7 87. Ra1 Kd7 88. Rg1 Kc7 89. Rg7+ Kd8 90. Kd4 Rh4+
91. Ke5 Rh6 92. Rg5 Kd7 93. Rg7+ Kd8 94. Kd4 Rf6 95. Rh7 Rg6 96. Ke5 Ra6 97. Rh1
Rg6 98. Rh2 Kd7 99. Rh5 Kd8 100. d6 Rg1 101. Ke4 1/2-1/2

[Event "FIDE World Rapid 2014"]
[Site "Dubai UAE"]
[Date "2014.06.18"]
[Round "11.46"]
[White "Ringoir, Tanguy"]
[Black "Ghaem Maghami, Ehsan"]
[Result "1/2-1/2"]
[WhiteTitle "IM"]
[BlackTitle "GM"]
[WhiteElo "2506"]
[BlackElo "2582"]
[WhiteFideId "208027"]
[BlackFideId "12500739"]
[EventDate "2014.06.16"]

1. d4 Nf6 2. c4 e6 3. Nc3 Bb4 4. Qc2 O-O 5. a3 Bxc3+ 6. Qxc3 d6 7. Nf3 b6 8. g3
Bb7 9. Bg2 Nbd7 10. O-O Qe7 11. b4 c5 12. Bb2 Rac8 13. Rfd1 Rfe8 14. dxc5 bxc5
15. Qd3 d5 16. cxd5 Bxd5 17. Qe3 Nb6 18. Bxf6 Qxf6 19. bxc5 Nc4 20. Qd4 Qxd4 21.
Rxd4 Na5 22. Nd2 Rxc5 23. Bxd5 exd5 24. e4 dxe4 25. Rxe4 Rd8 26. Rb1 h6 27. Nf1
Nc4 28. Re7 a5 29. a4 Rf5 30. Kg2 h5 31. Ne3 Nxe3+ 32. Rxe3 Rd2 33. Rf3 Rxf3 34.
Kxf3 Rd3+ 35. Kg2 Rd4 36. Rb8+ Kh7 37. Rb5 Rxa4 38. Rxh5+ Kg6 39. Rb5 1/2-1/2

[Event "FIDE World Rapid 2014"]
[Site "Dubai UAE"]
[Date "2014.06.18"]
[Round "11.47"]
[White "Fier, Alexandr"]
[Black "Vakhidov, Jahongir"]
[Result "1/2-1/2"]
[WhiteTitle "GM"]
[BlackTitle "IM"]
[WhiteElo "2580"]
[BlackElo "2471"]
[WhiteFideId "2107139"]
[BlackFideId "14201801"]
[EventDate "2014.06.16"]

1. d4 g6 2. c4 Bg7 3. g3 Nf6 4. Bg2 O-O 5. Nc3 d6 6. Nf3 Nc6 7. O-O Bg4 8. h3
Bxf3 9. Bxf3 Nd7 10. e3 e5 11. d5 Ne7 12. Bg2 f5 13. Qc2 Nf6 14. b4 a5 15. bxa5
Rxa5 16. Bd2 Nd7 17. a4 Rc5 18. Rfb1 Nb6 19. Bf1 e4 20. Rb4 Qd7 21. Ra2 Ra8 22.
Qb3 g5 23. Nb5 Ng6 24. Nd4 Bxd4 25. exd4 Rca5 26. c5 dxc5 27. dxc5 Nxd5 28. Bc4
Rxc5 29. Rb5 Rxc4 30. Qxc4 c6 31. Rbb2 Ne5 32. Qb3 b6 33. Kg2 h6 34. Be3 Nd3 35.
Rd2 Qf7 36. Kg1 f4 37. Bd4 fxg3 38. Qc4 Rf8 39. Qxc6 gxf2+ 40. Rxf2 Nxf2 41.
Rxf2 Nf4 42. Qxh6 Qg6 43. Qxg6+ Nxg6 44. Bxb6 Nf4 45. Rd2 Nxh3+ 46. Kh2 Rf3 47.
a5 Ra3 48. Rg2 Nf4 49. Rxg5+ Kh7 50. Re5 Rh3+ 51. Kg1 Rg3+ 52. Kh2 Rh3+ 53. Kg1
Rg3+ 54. Kh2 Rh3+ 55. Kg1 1/2-1/2

[Event "FIDE World Rapid 2014"]
[Site "Dubai UAE"]
[Date "2014.06.18"]
[Round "11.48"]
[White "Savchenko, Boris"]
[Black "Al Qudaimi, Basheer"]
[Result "1-0"]
[WhiteTitle "GM"]
[BlackTitle "IM"]
[WhiteElo "2581"]
[BlackElo "2396"]
[WhiteFideId "4147332"]
[BlackFideId "9400346"]
[EventDate "2014.06.16"]

1. e4 e5 2. Nf3 Nc6 3. Bb5 Nf6 4. d3 d6 5. c3 g6 6. d4 Bd7 7. d5 Ne7 8. Bxd7+
Nxd7 9. c4 Bg7 10. Nc3 O-O 11. Be3 h6 12. Nd2 f5 13. f3 a5 14. O-O f4 15. Bf2 g5
16. a3 b6 17. b4 h5 18. Nb5 Ng6 19. Re1 Rf7 20. bxa5 Rxa5 21. Nb3 Ra8 22. a4 g4
23. fxg4 f3 24. g3 hxg4 25. a5 bxa5 26. Nxa5 Nc5 27. Nc6 Qe8 28. Qc2 Bh6 29.
Reb1 Kh7 30. Kf1 Bg5 31. Nc3 Rxa1 32. Rxa1 Kh6 33. Ra7 Kg7 34. Qb1 Qh8 35. Kg1
Nb3 36. Kh1 Nd2 37. Qg1 Nxc4 38. Nb5 Nd2 39. Nxc7 Kf6 40. Ra8 Rf8 41. Ra4 Qh3
42. Ne6 Qg2+ 43. Qxg2 fxg2+ 44. Kxg2 Nf3 45. Nxf8 Nxf8 46. h3 Bd2 47. hxg4 Ng5
48. Bb6 Nf7 49. Bd8+ Kg7 50. Be7 Nd7 51. Ra7 Nc5 52. Nxe5 Nxe4 53. Nxf7 Kxf7 54.
Bxd6+ Kg6 55. Be5 Kg5 56. Kf3 1-0

[Event "FIDE World Rapid 2014"]
[Site "Dubai UAE"]
[Date "2014.06.18"]
[Round "11.49"]
[White "Vahidov, Tair"]
[Black "Breckenridge, Steven James"]
[Result "1-0"]
[WhiteTitle "GM"]
[BlackTitle "FM"]
[WhiteElo "2446"]
[BlackElo "2299"]
[WhiteFideId "14200155"]
[BlackFideId "2043700"]
[EventDate "2014.06.16"]

1. c4 e5 2. Nc3 Nf6 3. Nf3 Nc6 4. d4 exd4 5. Nxd4 Bb4 6. Bg5 h6 7. Bh4 Qe7 8.
Rc1 g5 9. Bg3 Ne4 10. e3 Bxc3+ 11. bxc3 d6 12. Bd3 Nc5 13. Nxc6 bxc6 14. Bc2 f5
15. O-O O-O 16. f3 Qxe3+ 17. Bf2 Qe6 18. Re1 Qf7 19. Bxc5 dxc5 20. Re5 Qf6 21.
Qe2 Bd7 22. Re1 Rae8 23. Qe3 Qd6 24. f4 Rxe5 25. fxe5 Qe7 26. e6 Bc8 27. Qe5 Qd6
28. Bxf5 Re8 29. Qf6 Re7 30. Qg6+ Kf8 31. Qxh6+ Kg8 32. Qxg5+ Kh8 33. Qh5+ Kg7
34. Qh7+ 1-0

[Event "FIDE World Rapid 2014"]
[Site "Dubai UAE"]
[Date "2014.06.18"]
[Round "11.50"]
[White "Tissir, Mohamed"]
[Black "Nezad, Husein Aziz"]
[Result "1-0"]
[WhiteTitle "IM"]
[BlackTitle "IM"]
[WhiteElo "2380"]
[BlackElo "2365"]
[WhiteFideId "9000240"]
[BlackFideId "12100293"]
[EventDate "2014.06.16"]

1. e4 e5 2. Nf3 Nc6 3. Bc4 Nf6 4. d3 h6 5. O-O d6 6. h3 g6 7. c3 Bg7 8. Bb3 O-O
9. Nh2 d5 10. Qf3 Be6 11. Ng4 Nxg4 12. exd5 e4 13. dxe4 Nce5 14. Qg3 h5 15. hxg4
Bxg4 16. f3 h4 17. Qe1 Bd7 18. Qe2 Qe7 19. Be3 a5 20. a4 Kh7 21. Nd2 Rae8 22.
Rae1 Rh8 23. f4 Ng4 24. e5 Bf5 25. Bd4 Bh6 26. Ne4 b6 27. d6 Qd7 28. Qxg4 1-0

[Event "FIDE World Rapid 2014"]
[Site "Dubai UAE"]
[Date "2014.06.18"]
[Round "11.51"]
[White "Taleb, Moussa"]
[Black "Omar, Noaman"]
[Result "1-0"]
[WhiteTitle "GM"]
[BlackTitle "IM"]
[WhiteElo "2406"]
[BlackElo "2366"]
[WhiteFideId "9300201"]
[BlackFideId "9300244"]
[EventDate "2014.06.16"]

1. Nf3 d5 2. g3 g6 3. Bg2 Bg7 4. O-O e5 5. d3 Nc6 6. Nbd2 Nge7 7. c4 d4 8. Rb1
a5 9. b3 O-O 10. a3 h6 11. b4 f5 12. b5 Nb8 13. a4 Nd7 14. Ba3 Rf7 15. Qb3 Nf8
16. Qa2 g5 17. Qc2 g4 18. Ne1 h5 19. Bxe7 Qxe7 20. Bd5 Ne6 21. Ng2 Kh7 22. Nb3
Rf8 23. Bxe6 Bxe6 24. e3 dxe3 25. fxe3 Bh6 26. d4 Rae8 27. d5 Bc8 28. Nxa5 h4
29. Nxh4 Bxe3+ 30. Kh1 e4 31. Rbe1 Bg5 32. Ng2 Qb4 33. Nb3 Rf6 34. Nd4 Ref8 35.
Ne3 Kg8 36. Re2 Bd7 37. Qd1 Bxe3 38. Rxe3 Qxc4 39. Ne2 Ra8 40. Ra3 Be8 41. Nf4
Bf7 42. Qa1 Rd6 43. Rc1 Qb4 44. Rxc7 e3 45. Ne6 Qe4+ 46. Kg1 Rxe6 47. dxe6 Qxe6
48. Rcc3 Qb6 49. Rxe3 Rd8 50. Qe1 Rd5 51. Ra1 Qd6 52. Qc3 Rd2 53. Qc8+ Kg7 54.
Qxf5 Qd4 55. Qe5+ Qxe5 56. Rxe5 Bd5 57. Rxd5 Rxd5 58. Rc1 Kf6 59. Rc7 Rd4 60. a5
Ra4 61. Rxb7 Rxa5 62. Kf2 Ra3 63. b6 Rb3 64. Rb8 Kg7 65. Ke2 Rb2+ 66. Ke3 Rxh2
67. Kf4 Rb2 68. Kxg4 Rb4+ 69. Kf5 Rb5+ 70. Ke6 Rb3 71. Rb7+ Kg6 72. Kd6 Rxg3 73.
Re7 Rd3+ 74. Kc7 Rc3+ 75. Kb8 Kf6 76. Rc7 Rh3 77. b7 Ke6 78. Rg7 Kd6 79. Rg6+
Kd7 80. Ka7 1-0

[Event "FIDE World Rapid 2014"]
[Site "Dubai UAE"]
[Date "2014.06.18"]
[Round "12.3"]
[White "Yu, Yangyi"]
[Black "Aronian, Levon"]
[Result "1/2-1/2"]
[WhiteTitle "GM"]
[BlackTitle "GM"]
[WhiteElo "2675"]
[BlackElo "2815"]
[WhiteFideId "8603820"]
[BlackFideId "13300474"]
[EventDate "2014.06.16"]

1. e4 e5 2. Nc3 Nc6 3. g3 Bc5 4. Bg2 d6 5. Na4 Bd4 6. Ne2 h5 7. h3 Nge7 8. c3
Bxf2+ 9. Kxf2 b5 10. d4 bxa4 11. d5 Nb8 12. Qxa4+ Nd7 13. Rf1 a5 14. Kg1 Ba6 15.
c4 O-O 16. Qc2 c6 17. b3 Rc8 18. dxc6 Nxc6 19. Be3 Qe7 20. Nc3 Nb4 21. Qd1 g6
22. h4 Bb7 23. Qd2 Nc5 24. Rad1 Rcd8 25. Bh6 Bc6 26. Bxf8 Kxf8 27. Rf2 Kg7 28.
Qe3 Nba6 29. Rfd2 Nc7 30. Kh2 Ne8 31. Rxd6 Rxd6 32. Qxc5 Qf6 33. Nd5 Qd8 34. Rf1
Bxd5 35. exd5 f5 36. Qe3 e4 37. Rd1 Nf6 38. Kg1 Qc7 39. Bf1 Ng4 40. Qc3+ Kh7 41.
Be2 Nf6 42. Qe3 Qb8 43. Kg2 a4 44. Qc5 axb3 45. axb3 Nd7 46. Qa3 Qf8 47. Qa7 f4
48. gxf4 Qxf4 49. Qf2 Qe5 50. Qf7+ Kh6 51. Rf1 e3 52. Qf4+ Qxf4 53. Rxf4 Rb6 54.
Bd1 e2 55. Bxe2 Rxb3 56. Rf7 Ne5 57. Rc7 g5 58. d6 Rb2 59. hxg5+ Kxg5 60. Kf1 h4
61. c5 h3 62. Rh7 Rc2 63. Rh5+ Kf6 64. Rxe5 Kxe5 65. d7 h2 66. Bf3 Rd2 67. c6
Ke6 68. Ke1 Rd6 69. Kf2 Ke7 70. Kg2 Rf6 71. Be4 Rf4 72. Bd5 Rd4 73. Bf3 Rd3 74.
Be4 Re3 75. Bd5 Re5 76. Bf3 Rf5 77. Be4 Rf4 78. Bd5 Rd4 79. Bf3 1/2-1/2

[Event "FIDE World Rapid 2014"]
[Site "Dubai UAE"]
[Date "2014.06.18"]
[Round "12.5"]
[White "Vallejo Pons, Francisco"]
[Black "Grischuk, Alexander"]
[Result "0-1"]
[WhiteTitle "GM"]
[BlackTitle "GM"]
[WhiteElo "2698"]
[BlackElo "2792"]
[WhiteFideId "2205530"]
[BlackFideId "4126025"]
[EventDate "2014.06.16"]

1. e4 c5 2. Nf3 d6 3. d4 cxd4 4. Nxd4 Nf6 5. Nc3 a6 6. Qd3 Nbd7 7. Be2 g6 8. Bg5
Bg7 9. O-O-O h6 10. Bh4 O-O 11. Qe3 Qc7 12. f4 e5 13. fxe5 dxe5 14. Nb3 b5 15.
Nd5 Nxd5 16. exd5 Qd6 17. a3 Bb7 18. Be1 Rfc8 19. Bb4 Qc7 20. Bc3 Qb6 21. Qh3
Nf6 22. d6 Ne4 23. d7 Rxc3 24. bxc3 Rd8 25. Rhf1 Nf2 26. Rxf2 Qxf2 27. Qd3 Bxg2
28. Qd6 Qxe2 29. Qe7 Qe3+ 30. Rd2 Qg5 31. Qe8+ Bf8 32. h4 Qe7 33. Qxe7 Bxe7 34.
Rxg2 Bxh4 35. Nc5 Be7 36. Nxa6 Bxa3+ 37. Kb1 Rxd7 38. Nb8 0-1

[Event "FIDE World Rapid 2014"]
[Site "Dubai UAE"]
[Date "2014.06.18"]
[Round "12.6"]
[White "Moiseenko, Alexander"]
[Black "Svidler, Peter"]
[Result "1/2-1/2"]
[WhiteTitle "GM"]
[BlackTitle "GM"]
[WhiteElo "2707"]
[BlackElo "2753"]
[WhiteFideId "14102560"]
[BlackFideId "4102142"]
[EventDate "2014.06.16"]

1. d4 Nf6 2. c4 g6 3. Nc3 d5 4. cxd5 Nxd5 5. e4 Nxc3 6. bxc3 Bg7 7. Qa4+ Nd7 8.
Nf3 c5 9. Be2 O-O 10. O-O a6 11. Qa3 b6 12. Bg5 Bb7 13. e5 Re8 14. Rfe1 Qc7 15.
Rac1 b5 16. h4 h6 17. Be3 e6 18. Qb2 Rad8 19. Nh2 h5 20. Bg5 Rc8 21. Qd2 Qa5 22.
g4 cxd4 23. cxd4 Qxd2 24. Bxd2 hxg4 25. Nxg4 f5 26. Nh6+ Bxh6 27. Bxh6 Nb6 28.
h5 Kh7 29. Bg5 Rxc1 30. Rxc1 Rc8 31. Rxc8 Nxc8 32. Bd8 Bd5 33. a3 Na7 34. hxg6+
Kxg6 35. Bb6 Nc6 36. f4 Bc4 37. Bf3 Bd5 38. Be2 Kf7 39. Kf2 Ke8 40. Ke3 Kd7 41.
Kd2 Kc8 42. Kc3 Kb7 43. Bc5 Na5 44. Bb4 Nc6 45. Bc5 Nd8 46. Be7 Nc6 1/2-1/2

[Event "FIDE World Rapid 2014"]
[Site "Dubai UAE"]
[Date "2014.06.18"]
[Round "12.7"]
[White "Kryvoruchko, Yuriy"]
[Black "Karjakin, Sergey"]
[Result "0-1"]
[WhiteTitle "GM"]
[BlackTitle "GM"]
[WhiteElo "2707"]
[BlackElo "2771"]
[WhiteFideId "14109182"]
[BlackFideId "14109603"]
[EventDate "2014.06.16"]

1. e4 e5 2. Nf3 Nc6 3. Bc4 Bc5 4. b4 Bxb4 5. c3 Be7 6. d4 Na5 7. Bd3 d6 8. dxe5
dxe5 9. Nxe5 Nf6 10. O-O O-O 11. Qc2 c5 12. Nd2 Qc7 13. Nec4 Nxc4 14. Bxc4 Bd6
15. h3 Re8 16. Bb2 Bh2+ 17. Kh1 Bf4 18. Rae1 Bxh3 19. gxh3 Qd7 20. Qd3 Qxd3 21.
Bxd3 Bxd2 22. Re2 Bf4 23. Rfe1 Be5 24. c4 Rad8 25. Bxe5 Rxe5 26. f4 Rh5 27. Re3
Ng4 28. Be2 Nxe3 29. Bxh5 Nxc4 30. e5 g6 31. Bf3 b6 32. Kg2 Rd2+ 33. Kg3 Rxa2
34. e6 fxe6 35. Rxe6 Kf8 36. Rc6 Ne3 37. Rc7 h6 38. Be4 Nf5+ 39. Kg4 Ne7 40. h4
Ra4 41. Bf3 Kf7 42. Rd7 Ke6 43. Rd8 Rd4 44. Rh8 Kf7 45. Rh7+ Kf6 46. Be2 c4 47.
Kf3 c3 0-1

[Event "FIDE World Rapid 2014"]
[Site "Dubai UAE"]
[Date "2014.06.18"]
[Round "12.8"]
[White "Nepomniachtchi, Ian"]
[Black "Movsesian, Sergei"]
[Result "0-1"]
[WhiteTitle "GM"]
[BlackTitle "GM"]
[WhiteElo "2730"]
[BlackElo "2672"]
[WhiteFideId "4168119"]
[BlackFideId "310204"]
[EventDate "2014.06.16"]

1. Nf3 d5 2. g3 c6 3. Bg2 Bg4 4. c4 Nf6 5. Qb3 Qb6 6. d3 Nbd7 7. Nc3 e6 8. O-O
Be7 9. Be3 Qxb3 10. axb3 a6 11. h3 Bh5 12. g4 Bg6 13. Bf4 h6 14. Bg3 O-O 15. Nh4
Bh7 16. f4 Nc5 17. Ra3 Nxd3 18. exd3 Bxa3 19. bxa3 Bxd3 20. Rc1 dxc4 21. bxc4
Bxc4 22. Rb1 Nd5 23. Nxd5 cxd5 24. f5 b5 25. fxe6 fxe6 26. Nf3 Bd3 27. Re1 Be4
28. Nd4 Bxg2 29. Kxg2 Rfe8 30. Be5 Rac8 31. Re3 Rc4 32. g5 hxg5 33. Rg3 Re7 34.
Rxg5 Rc3 35. h4 Rxa3 36. h5 Kh7 37. Rg6 Re3 38. Nf3 Rxe5 39. Nxe5 b4 40. Kf3 b3
41. Nd3 a5 42. Nb2 Rc7 43. Rxe6 Rc3+ 44. Kf4 Rc2 45. Nd3 Rc4+ 46. Kg5 Rd4 47.
Nb2 Rd2 48. Na4 Ra2 49. Nc5 Rg2+ 50. Kf4 Rf2+ 51. Kg4 Rf6 52. Re3 b2 53. Rb3 Rc6
54. Nd3 Rc3 55. Rxb2 Rxd3 56. Kg5 a4 57. Rb7 Rg3+ 58. Kh4 Rb3 59. Ra7 a3 60. Ra4
Rc3 61. Kg5 d4 62. Kf4 d3 63. Ke3 Kh6 64. Kd2 Rb3 65. Ra5 a2 66. Rxa2 Kxh5 67.
Ra1 g5 68. Rh1+ Kg6 69. Rg1 Ra3 70. Ke3 Rb3 71. Kd2 Kf5 72. Rf1+ Ke4 73. Re1+
Kd4 74. Rg1 Rb2+ 75. Kc1 Kc3 0-1